NDU-K Library Catalogue

Girl in a jacket 

THE DEFINITIVE GUIDE TO PROJECT MANAGEMENT 2nd EDITION (Record no. 11210)

MARC details
000 -LEADER
fixed length control field 00461nam a2200169Ia 4500
003 - CONTROL NUMBER IDENTIFIER
control field OSt
005 - DATE AND TIME OF LATEST TRANSACTION
control field 20260423065654.0
008 - FIXED-LENGTH DATA ELEMENTS--GENERAL INFORMATION
fixed length control field 221114s9999||||xx |||||||||||||| ||und||
020 ## - INTERNATIONAL STANDARD BOOK NUMBER
International Standard Book Number 9780273710974
040 ## - CATALOGING SOURCE
Transcribing agency IPSTC
050 ## - LIBRARY OF CONGRESS CALL NUMBER
Classification number HD69
Item number .D75N65 2007
100 ## - MAIN ENTRY--PERSONAL NAME
Personal name BINGHAM, T
245 #4 - TITLE STATEMENT
Title THE DEFINITIVE GUIDE TO PROJECT MANAGEMENT 2nd EDITION
260 ## - PUBLICATION, DISTRIBUTION, ETC.
Name of publisher, distributor, etc. Nokes, Sebastian
Place of publication, distribution, etc. Great Britain
Date of publication, distribution, etc. 2003
300 ## - PHYSICAL DESCRIPTION
Extent xxi,354pages.
Other physical details illustrations
942 ## - ADDED ENTRY ELEMENTS (KOHA)
Source of classification or shelving scheme Library of Congress Classification
Koha item type Normal Collection
Holdings
Withdrawn status Lost status Source of classification or shelving scheme Damaged status Not for loan Home library Current library Date acquired Inventory number Total Checkouts Full call number Barcode Date last seen Price effective from Koha item type
    Library of Congress Classification     International Peace Support Training Centre (IPSTC) International Peace Support Training Centre (IPSTC) 14/11/2022 945/2010   HD69 .D75N65 2007 200109452010 14/11/2022 14/11/2022 Normal Collection
Copyright © 2026 [National Defence University - Kenya]. All rights reserved.